| 000 | 01385nam a22002297a 4500 | ||
|---|---|---|---|
| 999 |
_c145646 _d145646 |
||
| 005 | 20201015151507.0 | ||
| 010 | _aB-736460 17-18HN-4.8.17 B-704090-107 | ||
| 020 |
_c395.00 _a9789383277308 |
||
| 035 | _aB-704090-107 | ||
| 035 | _aB-736460 | ||
| 037 | _bमैट्रिक्स पब्लिशर्स | ||
| 037 | _bडी.बी.ए.डी./ उपहार उपहार/29.9.2020 | ||
| 082 | _a327.54056 | ||
| 100 | _aसिंह, संचिता | ||
| 245 |
_aभारत-इजरायल रक्षा सम्बन्ध / _cसंचिता सिंह |
||
| 260 |
_aदिल्ली _bमैट्रिक्स पब्लिशर्स _c2018 |
||
| 270 |
_aआत्माराम बिल्डिंग, 1376, ग्राउंड फ्लोर, कश्मीरी गेट _bदिल्ली _e110006 |
||
| 300 |
_a152पृ. _c22सेमी(अजिल्द) _bसचित्र |
||
| 942 |
_2ddc _cHN _h327.54056 _mसिंहसं |
||